[Event "SE-2013-0-00147"]
[Site "LSS email"]
[Date "2013.09.08"]
[Round "?"]
[White "Hornyak, Anthony"]
[Black "Petrov, Ivan"]
[Result "1-0"]
[WhiteElo "1415"]
[BlackElo "2161"]
[PlyCount "21"]
[EventDate "2013.06.15"]
[EventType "tourn (corr)"]
[EventRounds "6"]
[EventCountry "GER"]
[SourceTitle "Corr 2022"]
[Source "ChessBase"]
[SourceDate "2021.10.24"]
[SourceVersion "1"]
[SourceVersionDate "2021.10.24"]
[SourceQuality "1"]

1. d4 Nf6 2. c4 e6 3. Nf3 d5 4. Nc3 c6 5. e3 Nbd7 6. Be2 Bd6 7. 0-0 0-0 8. h3 Ne4 9. Nxe4 dxc4 10. Nxd6 Qe7 11. Nxc4 1-0

[Event "OP-2013-0-02977"]
[Site "LSS email"]
[Date "2013.09.02"]
[Round "?"]
[White "Best, Herb"]
[Black "Petrov, Ivan"]
[Result "1-0"]
[WhiteElo "1529"]
[BlackElo "2161"]
[PlyCount "23"]
[EventDate "2013.08.30"]
[EventType "tourn (corr)"]
[EventRounds "4"]
[EventCountry "GER"]
[SourceTitle "Corr 2022"]
[Source "ChessBase"]
[SourceDate "2021.10.24"]
[SourceVersion "1"]
[SourceVersionDate "2021.10.24"]
[SourceQuality "1"]

1. e4 c5 2. Nf3 d6 3. d4 cxd4 4. Nxd4 Nf6 5. Nc3 a6 6. Bd3 e6 7. 0-0 Qc7 8. Bg5 Be7 9. f4 Nbd7 10. Qf3 Qb6 11. Nce2 e5 12. fxe5 1-0

[Event "Vladivostok op"]
[Site "Vladivostok"]
[Date "2010.06.03"]
[Round "3"]
[White "Garifullin, Roman"]
[Black "Petrov, Ivan"]
[Result "0-1"]
[WhiteElo "2249"]
[BlackElo "2175"]
[PlyCount "72"]
[EventDate "2010.06.01"]
[EventType "swiss"]
[EventRounds "9"]
[EventCountry "RUS"]
[SourceTitle "CBM 137 Extra"]
[Source "ChessBase"]
[SourceDate "2010.09.01"]
[SourceVersion "1"]
[SourceVersionDate "2010.09.01"]
[SourceQuality "1"]

1. c4 e5 2. Nc3 Nc6 3. Nf3 f5 4. d4 e4 5. Ng5 h6 6. Nh3 g5 7. e3 Nf6 8. Be2 Bg7 9. Bh5+ Nxh5 10. Qxh5+ Kf8 11. f3 exf3 12. Qxf3 d6 13. g4 f4 14. Bd2 h5 15. gxh5 Bxh3 16. Qxh3 Qe8 17. 0-0-0 Rxh5 18. Qf5+ Qf7 19. Qg4 Bf6 20. h4 Qh7 21. Nd5 Bxd4 22. exd4 Nxd4 23. Nb4 Re8 24. Rhe1 Rxh4 25. Rxe8+ Kxe8 26. Re1+ Kd8 27. Qxg5+ Kd7 28. Qd5 f3 29. Bc3 Ne2+ 30. Kd2 Rh2 31. Ke3 Qh6+ 32. Ke4 Nxc3+ 33. bxc3 Qh4+ 34. Kf5 Qd8 35. Qb5+ Kc8 36. Nd3 Rh5+ 0-1

[Event "BUL-ch sf"]
[Site "Plovdiv"]
[Date "2009.01.26"]
[Round "2"]
[White "Hristov, Nikolay Valeriev"]
[Black "Petrov, Ivan"]
[Result "1/2-1/2"]
[WhiteElo "1845"]
[BlackElo "2174"]
[PlyCount "61"]
[EventDate "2009.01.25"]
[EventType "swiss"]
[EventRounds "9"]
[EventCountry "BUL"]
[SourceTitle "CBM 128 Extra"]
[Source "ChessBase"]
[SourceDate "2009.03.05"]
[SourceVersion "2"]
[SourceVersionDate "2009.03.25"]
[SourceQuality "1"]

1. d4 e6 2. c4 d5 3. Nc3 Nf6 4. Bg5 Nbd7 5. cxd5 exd5 6. Nf3 c6 7. e3 Be7 8. Bd3 0-0 9. 0-0 Re8 10. Qc2 Nf8 11. Rae1 Ne4 12. Bxe7 Qxe7 13. Bxe4 dxe4 14. Nd2 f5 15. f3 exf3 16. Nxf3 h6 17. Ne5 Be6 18. e4 fxe4 19. Qxe4 Rad8 20. Re3 Qd6 21. Rf4 c5 22. Nb5 Qb6 23. Rg3 Qxb5 24. Rxf8+ Rxf8 25. Rxg7+ Kxg7 26. Qg6+ Kh8 27. Qxh6+ Kg8 28. Qg6+ Kh8 29. Qh6+ Kg8 30. Qg6+ Kh8 31. Qh6+ 1/2-1/2

[Event "BUL-chT 57th"]
[Site "Sunny Beach"]
[Date "2007.10.03"]
[Round "5.2"]
[White "Milchev, Nikolay"]
[Black "Petrov, Ivan"]
[Result "1/2-1/2"]
[WhiteElo "2315"]
[BlackElo "2181"]
[PlyCount "83"]
[EventDate "2007.09.29"]
[EventType "team"]
[EventRounds "7"]
[EventCountry "BUL"]
[SourceTitle "CBM 120 Extra"]
[Source "ChessBase"]
[SourceDate "2007.11.01"]
[SourceVersion "1"]
[SourceVersionDate "2007.11.01"]
[SourceQuality "1"]

1. c4 e6 2. g3 d5 3. Bg2 Nf6 4. Nf3 Be7 5. 0-0 0-0 6. d4 dxc4 7. Qc2 a6 8. Qxc4 b5 9. Qc2 Bb7 10. Bd2 Be4 11. Qc1 Qc8 12. Bg5 Nbd7 13. Nbd2 Bb7 14. Nb3 a5 15. a4 Bd5 16. Nbd2 Qb7 17. e4 Nxe4 18. Bxe7 Nxd2 19. Qxd2 Rfe8 20. Bg5 Bxf3 21. Bxf3 Qxf3 22. axb5 Nb6 23. Rfc1 Nd5 24. Ra3 Qf5 25. Rc5 Qb1+ 26. Qc1 Qxc1+ 27. Bxc1 Reb8 28. Bd2 a4 29. Kg2 Kf8 30. g4 Rb7 31. Kg3 Rab8 32. Rxa4 Rxb5 33. b4 Ke7 34. Ra7 R5b7 35. Raa5 h6 36. h4 Kd8 37. b5 Nf6 38. f3 Nd7 39. Rh5 Nf6 40. Rc5 Nd7 41. Rh5 Nf6 42. Rc5 1/2-1/2

[Event "BUL-chT 56th"]
[Site "Sunny Beach"]
[Date "2006.10.11"]
[Round "7"]
[White "Popchev, Milko"]
[Black "Petrov, Ivan"]
[Result "1-0"]
[WhiteElo "2405"]
[BlackElo "2205"]
[PlyCount "93"]
[EventDate "2006.10.05"]
[EventType "team-tourn"]
[EventRounds "7"]
[EventCountry "BUL"]
[SourceTitle "CBM 114 Extra"]
[Source "ChessBase"]
[SourceDate "2006.11.03"]
[SourceVersion "1"]
[SourceVersionDate "2006.11.03"]
[SourceQuality "1"]
[WhiteTeam "Plovdiv Lokomotiv 2000"]
[BlackTeam "Sofia Hemus"]
[WhiteTeamCountry "BUL"]
[BlackTeamCountry "BUL"]

1. Nc3 d5 2. e4 e6 3. f4 Nf6 4. e5 Nfd7 5. Nf3 c5 6. g3 Nc6 7. Bg2 f6 8. exf6 Nxf6 9. 0-0 Bd6 10. d4 0-0 11. Ne2 Qb6 12. c3 Bd7 13. Kh1 a5 14. Qb3 Qc7 15. Be3 b6 16. Bg1 a4 17. Qd1 a3 18. b3 Rfc8 19. Rc1 Qd8 20. Ne5 Ne7 21. Nxd7 Nxd7 22. c4 Nf6 23. Nc3 Rc6 24. Qe2 Bc7 25. Rcd1 Qe8 26. Nb5 Rc8 27. Na7 Bb8 28. Nxc8 Qxc8 29. Rfe1 g6 30. dxc5 bxc5 31. cxd5 Nexd5 32. Qc4 Kg7 33. Re2 Bd6 34. Rde1 Bf8 35. Be3 Kf7 36. Bd2 Bg7 37. Bh3 Nc7 38. Bc3 Bf8 39. f5 gxf5 40. Bxf5 Bg7 41. Bh3 Qd7 42. Rf1 Ncd5 43. Be5 Kg8 44. Bxf6 Bxf6 45. Rxf6 Nxf6 46. Bxe6+ Rxe6 47. Qxe6+ 1-0

[Event "BUL-chT 55th"]
[Site "Sunny Beach"]
[Date "2005.09.28"]
[Round "3.4"]
[White "Petrov, Ivan"]
[Black "Mladenov, Plamen"]
[Result "1/2-1/2"]
[WhiteElo "2191"]
[BlackElo "2205"]
[PlyCount "35"]
[EventDate "2005.09.26"]
[EventType "team-swiss"]
[EventRounds "7"]
[EventCountry "BUL"]
[SourceTitle "CBM 108 Extra"]
[Source "ChessBase"]
[SourceDate "2005.11.04"]
[SourceVersion "1"]
[SourceVersionDate "2005.11.04"]
[SourceQuality "1"]
[WhiteTeam "Sofia Hemus"]
[BlackTeam "Pleven Spartak XXI"]
[WhiteTeamCountry "BUL"]
[BlackTeamCountry "BUL"]

1. d4 d5 2. Nf3 c6 3. c4 Nf6 4. Nbd2 a6 5. g3 b5 6. cxd5 cxd5 7. Bg2 Nc6 8. 0-0 e6 9. Nb3 Be7 10. Bg5 0-0 11. e3 Bd7 12. Qe2 Na5 13. Nxa5 Qxa5 14. Ne5 Rfd8 15. Rfc1 Be8 16. a3 b4 17. axb4 Qxb4 18. Nc6 1/2-1/2

[Event "Sofia Hemus op 10th"]
[Site "Sofia"]
[Date "2004.08.07"]
[Round "3"]
[White "Petrov, Ivan"]
[Black "Filev, Georgi"]
[Result "1/2-1/2"]
[WhiteElo "2190"]
[BlackElo "2305"]
[PlyCount "83"]
[EventDate "2004.08.07"]
[EventType "swiss"]
[EventRounds "6"]
[EventCountry "BUL"]
[SourceTitle "CBM 101 Extra"]
[Source "ChessBase"]
[SourceDate "2004.09.01"]
[SourceVersion "2"]
[SourceVersionDate "2004.09.01"]
[SourceQuality "1"]

1. Nf3 d5 2. g3 Nf6 3. Bg2 g6 4. d4 Bg7 5. c4 dxc4 6. Na3 c3 7. bxc3 0-0 8. 0-0 c5 9. Bb2 Nc6 10. e3 Bf5 11. Qe2 Be4 12. Rfd1 cxd4 13. exd4 Qa5 14. Nc4 Qa6 15. Bf1 Rac8 16. Nfe5 Bd5 17. Ne3 Qxe2 18. Bxe2 Be6 19. Nxc6 bxc6 20. Ba3 Ne4 21. Bxe7 Nxc3 22. Bxf8 Nxe2+ 23. Kf1 Bxd4 24. Rxd4 Nxd4 25. Bc5 Nf5 26. Bxa7 Ra8 27. Bc5 Rxa2 28. Rxa2 Nxe3+ 29. Bxe3 Bxa2 30. Ke2 f6 31. Kd3 g5 32. f4 h6 33. fxg5 hxg5 34. h4 gxh4 35. gxh4 Bf7 36. Kd4 Bh5 37. Kc5 Bf3 38. Kd6 Kf7 39. h5 Bxh5 40. Kxc6 Bf3+ 41. Kd6 Bc6 42. Bc1 1/2-1/2

[Event "Sofia op 2nd"]
[Site "Sofia"]
[Date "2004.04.04"]
[Round "5.1"]
[White "Petrov, Ivan"]
[Black "Ivanov, Emil"]
[Result "1/2-1/2"]
[WhiteElo "2190"]
[BlackElo "2135"]
[PlyCount "56"]
[EventDate "2004.04.03"]
[EventType "swiss"]
[EventRounds "6"]
[EventCountry "BUL"]
[SourceTitle "CBM 099 Extra"]
[Source "ChessBase"]
[SourceDate "2004.05.04"]
[SourceVersion "1"]
[SourceVersionDate "2004.05.04"]
[SourceQuality "1"]

1. d4 Nf6 2. c4 c5 3. d5 b5 4. cxb5 a6 5. bxa6 Bxa6 6. Nc3 g6 7. Nf3 d6 8. e4 Bxf1 9. Kxf1 Bg7 10. g3 0-0 11. Kg2 Nbd7 12. Re1 Qb6 13. h3 Ne8 14. Re2 Nc7 15. a4 Qa6 16. Rc2 Rfb8 17. h4 Rb4 18. h5 Ne5 19. Nxe5 Bxe5 20. f3 Bxc3 21. bxc3 Rxa4 22. Rb1 Qc4 23. hxg6 hxg6 24. Qd2 Nb5 25. g4 Ra2 26. Bb2 Na3 27. Rh1 Nxc2 28. Qh6 Qe2+ 1/2-1/2

[Event "Sofia Hemus op 02nd"]
[Site "Sofia"]
[Date "2004.02.08"]
[Round "5"]
[White "Petrov, Ivan"]
[Black "Badev, Kiril"]
[Result "0-1"]
[WhiteElo "2190"]
[BlackElo "2320"]
[PlyCount "78"]
[EventDate "2004.02.07"]
[EventType "swiss (rapid)"]
[EventRounds "6"]
[EventCountry "BUL"]
[SourceTitle "CBM 098 Extra"]
[Source "ChessBase"]
[SourceDate "2004.03.10"]
[SourceVersion "2"]
[SourceVersionDate "2004.03.10"]
[SourceQuality "1"]

1. d4 Nf6 2. c4 d6 3. Nc3 e5 4. Nf3 Nbd7 5. e4 Be7 6. Be2 0-0 7. 0-0 exd4 8. Nxd4 Re8 9. Qc2 Bf8 10. Bg5 c6 11. Rad1 Qa5 12. Bh4 a6 13. a3 Qc7 14. Rfe1 b5 15. cxb5 cxb5 16. Bf3 Bb7 17. Qd2 g6 18. Qf4 Qd8 19. Nd5 Bxd5 20. exd5 Rxe1+ 21. Rxe1 Qb6 22. Nc6 Re8 23. Rd1 Kg7 24. Bg5 Ng8 25. Qg3 Qc5 26. h3 Qc4 27. Be3 Ngf6 28. Bd4 Kg8 29. Bc3 Ne4 30. Bxe4 Rxe4 31. Qd3 Nc5 32. Qxc4 bxc4 33. Nb4 a5 34. Nc6 a4 35. Kf1 Bg7 36. Bxg7 Kxg7 37. Nb4 Kf6 38. Re1 Ke5 39. Rxe4+ Kxe4 0-1

[Event "Sofia Hemus op 02nd"]
[Site "Sofia"]
[Date "2004.02.07"]
[Round "1"]
[White "Petrov, Ivan"]
[Black "Iliev, Alexandar"]
[Result "1-0"]
[WhiteElo "2190"]
[BlackElo "1820"]
[PlyCount "83"]
[EventDate "2004.02.07"]
[EventType "swiss (rapid)"]
[EventRounds "6"]
[EventCountry "BUL"]
[SourceTitle "CBM 098 Extra"]
[Source "ChessBase"]
[SourceDate "2004.03.10"]
[SourceVersion "2"]
[SourceVersionDate "2004.03.10"]
[SourceQuality "1"]

1. d4 d5 2. Nf3 Nd7 3. g3 e6 4. Bg2 Bd6 5. 0-0 Ne7 6. b3 Ng6 7. c4 c6 8. Nc3 f5 9. e3 0-0 10. Bb2 Nf6 11. a4 a5 12. Ne2 Ne4 13. Rc1 h5 14. h4 Qf6 15. Rc2 Bd7 16. Nf4 Bxf4 17. exf4 Rae8 18. Ng5 Nh8 19. Qxh5 Nxg5 20. hxg5 Qg6 21. Qh2 Qh7 22. Ba3 Rf7 23. Re1 Qxh2+ 24. Kxh2 Rc8 25. Rec1 Re8 26. Bc5 Ng6 27. Bb6 Ra8 28. cxd5 Ra6 29. dxc6 bxc6 30. Bc5 Be8 31. Bf1 Ra8 32. Bc4 Bd7 33. Re2 Nf8 34. Rce1 Rb8 35. Kg2 g6 36. Re5 Re8 37. Bb6 Bc8 38. Bxa5 Rb7 39. Bc3 Kf7 40. a5 Ra7 41. a6 Bxa6 42. Ra5 1-0

[Event "Sofia Hemus op 02nd"]
[Site "Sofia"]
[Date "2004.02.07"]
[Round "2"]
[White "Vladimirov, Vladimir"]
[Black "Petrov, Ivan"]
[Result "0-1"]
[WhiteElo "2267"]
[BlackElo "2190"]
[PlyCount "66"]
[EventDate "2004.02.07"]
[EventType "swiss (rapid)"]
[EventRounds "6"]
[EventCountry "BUL"]
[SourceTitle "CBM 098 Extra"]
[Source "ChessBase"]
[SourceDate "2004.03.10"]
[SourceVersion "2"]
[SourceVersionDate "2004.03.10"]
[SourceQuality "1"]

1. e4 e6 2. Nf3 d5 3. exd5 exd5 4. d4 Bg4 5. Nc3 c6 6. Bd3 Bd6 7. Be3 Ne7 8. h3 Bh5 9. Qd2 Nd7 10. a3 Qc7 11. g4 Bg6 12. Nh4 0-0-0 13. Nxg6 Nxg6 14. 0-0-0 Nf4 15. Bf1 g5 16. Kb1 h5 17. f3 hxg4 18. fxg4 Nf6 19. Bxf4 Bxf4 20. Qg2 Rde8 21. Bd3 Re3 22. h4 gxh4 23. Rh3 Rg3 24. Qh1 Rxh3 25. Qxh3 Bg5 26. Qf3 Qg3 27. Qxg3 hxg3 28. Rg1 Bh4 29. Ne2 Ne4 30. Bxe4 dxe4 31. Nxg3 Bxg3 32. Rxg3 Rg8 33. g5 f5 0-1

[Event "Sofia Hemus op 21st"]
[Site "Sofia"]
[Date "2004.01.04"]
[Round "6.2"]
[White "Filev, Georgi"]
[Black "Petrov, Ivan"]
[Result "0-1"]
[WhiteElo "2100"]
[BlackElo "2179"]
[PlyCount "88"]
[EventDate "2004.01.03"]
[EventType "swiss"]
[EventRounds "6"]
[EventCountry "BUL"]
[SourceTitle "CBM 098 Extra"]
[Source "ChessBase"]
[SourceDate "2004.03.10"]
[SourceVersion "2"]
[SourceVersionDate "2004.03.10"]
[SourceQuality "1"]

1. e4 e6 2. d4 d5 3. Nc3 Nf6 4. Bg5 Bb4 5. e5 h6 6. Bd2 Bxc3 7. bxc3 Ne4 8. Qg4 Kf8 9. h4 c5 10. Rh3 Nc6 11. Bd3 Nxd2 12. Kxd2 c4 13. Be2 b5 14. Rg3 Rg8 15. Nh3 Qb6 16. a3 a5 17. Ke1 Rb8 18. Rd1 b4 19. axb4 axb4 20. cxb4 Qxb4+ 21. c3 Qa5 22. Kf1 Qa2 23. Nf4 Ne7 24. Rf3 Nf5 25. h5 Rb1 26. Rh3 Bd7 27. Rxb1 Qxb1+ 28. Bd1 Ba4 29. Ke1 Ke7 30. Qe2 Bxd1 31. Qxd1 Qe4+ 32. Ne2 Qxg2 33. Qb1 Rd8 34. Qb4+ Ke8 35. Rg3 Nxg3 36. Nxg3 Ra8 37. Qb2 Qf3 38. Kf1 Kf8 39. Kg1 Kg8 40. Kh2 Qd1 41. Kg2 Qb3 42. Qd2 Ra2 43. Qe3 Qd1 44. Nf1 Qxh5 0-1

[Event "BUL-chT"]
[Site "Borovetz"]
[Date "2002.09.23"]
[Round "5"]
[White "Petrov, Ivan"]
[Black "Pavlovski, Todor"]
[Result "1-0"]
[WhiteElo "2200"]
[BlackElo "2173"]
[PlyCount "63"]
[EventDate "2002.09.19"]
[EventType "team-tourn"]
[EventRounds "7"]
[EventCountry "BUL"]
[SourceTitle "EXT 2006"]
[Source "ChessBase"]
[SourceDate "2005.11.24"]
[SourceVersion "1"]
[SourceVersionDate "2005.11.24"]
[SourceQuality "1"]

1. d4 Nf6 2. c4 e6 3. g3 d5 4. Nf3 Bb4+ 5. Bd2 Bxd2+ 6. Nbxd2 0-0 7. Bg2 b6 8. 0-0 Bb7 9. Rc1 Nbd7 10. b4 dxc4 11. Nxc4 Qe7 12. Qb3 Bd5 13. Nfe5 b5 14. Bxd5 exd5 15. Nc6 Qxe2 16. Ne3 Rfe8 17. Nxd5 Nxd5 18. Qxd5 Nb6 19. Qc5 a6 20. Qc2 Nc4 21. Rfd1 f6 22. Na5 Nxa5 23. bxa5 Qxc2 24. Rxc2 Re7 25. Kg2 Kf7 26. d5 Rd7 27. Rc6 Ke7 28. Kf3 Ra7 29. Ke4 Rd6 30. Rdc1 Kd7 31. Kd4 Ra8 32. Rxc7+ 1-0

[Event "BUL-chT"]
[Site "Borovetz"]
[Date "2002.09.21"]
[Round "3"]
[White "Petrov, Ivan"]
[Black "Radulov, Ivan"]
[Result "0-1"]
[WhiteElo "2200"]
[BlackElo "2359"]
[PlyCount "80"]
[EventDate "2002.09.19"]
[EventType "team-tourn"]
[EventRounds "7"]
[EventCountry "BUL"]
[SourceTitle "EXT 2006"]
[Source "ChessBase"]
[SourceDate "2005.11.24"]
[SourceVersion "1"]
[SourceVersionDate "2005.11.24"]
[SourceQuality "1"]

1. d4 d6 2. e4 g6 3. Nc3 Bg7 4. Be3 c6 5. Nf3 b5 6. a4 b4 7. Na2 Nf6 8. Bd3 a5 9. h3 0-0 10. 0-0 Bb7 11. c3 bxc3 12. bxc3 Nbd7 13. Rb1 Qc7 14. Rb2 c5 15. Nd2 c4 16. Bc2 Ba6 17. Qa1 e5 18. d5 Nh5 19. Rfb1 f5 20. Nc1 Nf4 21. Qa3 Nc5 22. Bxc5 dxc5 23. Rb6 Qe7 24. Nf3 Nd3 25. Re6 Qd7 26. Rbb6 fxe4 27. Rbd6 Qf7 28. Rxa6 Rxa6 29. Rxa6 exf3 30. Nxd3 cxd3 31. Bxd3 Qxd5 32. c4 Qd4 33. g3 e4 34. Bf1 Bh6 35. Rxa5 e3 36. Qxc5 exf2+ 37. Kh2 Qxc5 38. Rxc5 Re8 39. Rd5 Re1 40. Bd3 f1Q 0-1

[Event "BUL-chT"]
[Site "Borovetz"]
[Date "2002.09.19"]
[Round "1"]
[White "Petrov, Ivan"]
[Black "Tsvetkov, Ilia"]
[Result "0-1"]
[WhiteElo "2200"]
[BlackElo "2325"]
[PlyCount "68"]
[EventDate "2002.09.19"]
[EventType "team-tourn"]
[EventRounds "7"]
[EventCountry "BUL"]
[SourceTitle "EXT 2006"]
[Source "ChessBase"]
[SourceDate "2005.11.24"]
[SourceVersion "1"]
[SourceVersionDate "2005.11.24"]
[SourceQuality "1"]

1. d4 d5 2. c4 e6 3. Nc3 c6 4. e4 dxe4 5. Nxe4 Bb4+ 6. Nc3 c5 7. Nf3 Nf6 8. a3 Ba5 9. Be3 Nc6 10. dxc5 Bxc3+ 11. bxc3 Qa5 12. Qc2 Ng4 13. Qc1 0-0 14. Be2 e5 15. 0-0 f5 16. h3 Nf6 17. Rb1 f4 18. Rb5 Qc7 19. Bd2 Qe7 20. Re1 a6 21. Rb2 Qxc5 22. Bd3 Rd8 23. Qb1 Qxa3 24. Rb3 Qd6 25. Bf5 Bxf5 26. Qxf5 Qd7 27. Qg5 e4 28. Nd4 e3 29. Bxe3 fxe3 30. Rxe3 Re8 31. Rf3 Ne4 32. Qf4 Nxc3 33. Rbxc3 Nxd4 34. Rfd3 Ne2+ 0-1

[Event "RUS-Cup04"]
[Site "Samara"]
[Date "2002.08.03"]
[Round "9"]
[White "Petrov, Ivan"]
[Black "Khakimov, Timur"]
[Result "1-0"]
[WhiteElo "2161"]
[BlackElo "2132"]
[PlyCount "93"]
[EventDate "2002.07.26"]
[EventType "swiss"]
[EventRounds "9"]
[EventCountry "RUS"]
[SourceTitle "CBM 089 Extra"]
[Source "ChessBase"]
[SourceDate "2002.09.10"]
[SourceVersion "2"]
[SourceVersionDate "2002.09.10"]
[SourceQuality "1"]

1. Nf3 c5 2. g3 d5 3. Bg2 e6 4. 0-0 Nc6 5. d3 Nf6 6. Nbd2 Bd6 7. e4 0-0 8. Qe2 Qc7 9. b3 dxe4 10. dxe4 e5 11. c3 Bg4 12. Nc4 Be7 13. h3 Bh5 14. Bg5 Ne8 15. Bxe7 Bxf3 16. Qxf3 Nxe7 17. Rad1 b5 18. Ne3 Nf6 19. Rd2 Rfd8 20. Nd5 Nexd5 21. exd5 Rd6 22. Qe2 e4 23. Re1 g6 24. Bxe4 Re8 25. Qxb5 Re5 26. Rde2 Nxd5 27. Bxd5 Rdxd5 28. Rxe5 Rxe5 29. Rxe5 Qxe5 30. Qd3 Kg7 31. Kg2 h5 32. a3 a5 33. b4 cxb4 34. cxb4 a4 35. b5 Qb2 36. h4 Qb3 37. Qd4+ Kh7 38. Qc5 Qe6 39. b6 Qe4+ 40. Kh2 Qf3 41. Kg1 Kg7 42. Qd4+ Kh7 43. Qxa4 Qd5 44. Qb4 Qd1+ 45. Kh2 Qf3 46. Qf4 Qb7 47. Qc7 1-0

[Event "RUS-Cup04"]
[Site "Samara"]
[Date "2002.08.02"]
[Round "8"]
[White "Petrov, Ivan"]
[Black "Kochetkov, Victor N"]
[Result "1-0"]
[WhiteElo "2161"]
[BlackElo "2161"]
[PlyCount "51"]
[EventDate "2002.07.26"]
[EventType "swiss"]
[EventRounds "9"]
[EventCountry "RUS"]
[SourceTitle "CBM 089 Extra"]
[Source "ChessBase"]
[SourceDate "2002.09.10"]
[SourceVersion "2"]
[SourceVersionDate "2002.09.10"]
[SourceQuality "1"]

1. e4 c5 2. Nf3 Qc7 3. d4 cxd4 4. Nxd4 Nc6 5. Nc3 e6 6. Be2 d6 7. Be3 Bd7 8. Qd2 a6 9. 0-0 Nf6 10. Rad1 Be7 11. f4 0-0 12. Nb3 e5 13. f5 b5 14. g4 b4 15. Nd5 Nxd5 16. Qxd5 Rfd8 17. g5 Bf8 18. Bc4 Be8 19. g6 Ne7 20. gxf7+ Kh8 21. fxe8Q Nxd5 22. Qe6 Nf6 23. Bd3 Rac8 24. Nd2 Ng4 25. Bg5 Re8 26. Qb3 1-0